000 01096cam a2200301 i 4500
001 27573
003 Mx-PuUPA
005 20250221142225.0
008 140415s2016 sp d gr 000 0 spa d
017 _aM-15.790-2016
020 _a9788490773413
040 _cMx-PuUPA
_aMx-PuUPA
_bspa
_dMx-PuUPA
_erda
041 0 _aspa
100 1 _aBea Sánchez, José Luis,
_eautor
_916765
245 1 0 _aReactores químicos /
_cJosé Luis Bea Sánchez
264 1 _aMadrid :
_bEditorial Síntesis,
_c[2006?]
300 _a270 páginas :
_bgráficas, diagramas, tablas, ecuaciones, fórmulas ;
_c26 cm
336 _2rdacontent
_atexto
_btxt
337 _2rdamedia
_asin medio
_bn
338 _2rdacarrier
_avolumen
_bnc
490 0 _aQuímica industrial
650 7 _2armarc
_913986
_aQuímica técnica
_vProblemas, ejercicios, etc.,
650 7 _2armarc
_aReactores químicos
_vProblemas, ejercicios, etc.
942 _2ddc
_cLI
_h660.2832
_iB36
999 _c27573
_d27573